Statistics for Страны, которые не посещала "Орёл и Решка"

Click here to take the quiz!

General Stats

  • This quiz has been taken 1 123 times
  • The average score is 18 of 64

Answer Stats

Страна% Correct
АзияСеверная Корея
53%
АфрикаСомали
51%
АфрикаНигер
51%
АфрикаАлжир
44%
АзияАфганистан
44%
АфрикаЛивия
42%
АфрикаЧад
42%
АфрикаДемократическая Республика Конго
41%
АфрикаСудан
39%
АзияИрак
39%
АфрикаРеспублика Конго
38%
АфрикаЛесото
38%
АзияИран
37%
АзияСирия
37%
АфрикаАнгола
36%
АфрикаМали
35%
АфрикаГвинея
35%
АфрикаЮжный Судан
35%
Южная АмерикаСуринам
34%
АфрикаЭсватини
34%
АзияБутан
33%
ЕвропаСан-Марино
33%
АзияПакистан
31%
АфрикаЭритрея
31%
АфрикаТого
31%
АфрикаМавритания
28%
ОкеанияФедеративные Штаты Микронезии
28%
ОкеанияТувалу
27%
АфрикаБурунди
27%
ОкеанияТонга
27%
АзияТуркмения
27%
АфрикаДжибути
27%
ОкеанияСамоа
26%
АзияВосточный Тимор
26%
АфрикаЛиберия
26%
АфрикаБотсвана
26%
ОкеанияКирибати
26%
ОкеанияНауру
25%
АфрикаЭкваториальная Гвинея
24%
АзияБахрейн
24%
ОкеанияМаршалловы Острова
24%
АзияБруней
24%
АфрикаГамбия
23%
АфрикаГабон
23%
АфрикаГвинея-Бисау
23%
АфрикаКамерун
22%
ОкеанияПапуа-Новая Гвинея
22%
Северная АмерикаБелиз
21%
АфрикаБуркина-Фасо
21%
АзияКувейт
21%
Северная АмерикаДоминика
20%
АфрикаСьерра-Леоне
20%
АфрикаМалави
20%
Северная АмерикаТринидад и Тобаго
19%
АфрикаКот-д'Ивуар
19%
ЕвропаСеверная Македония
18%
АфрикаКоморы
18%
Северная АмерикаГренада
18%
Северная АмерикаСент-Люсия
17%
АфрикаСан-Томе и Принсипи
17%
АзияУзбекистан
16%
АзияСаудовская Аравия
15%
Северная АмерикаСент-Винсент и Гренадины
15%
ЕвропаСловакия
13%

Score Distribution

Percentile by Number Answered

Percent of People with Each Score

Your Score History

You have not taken this quiz